Gran Teatre del Liceu / (Record no. 128314)

MARC details
000 -LEADER
campo de control de longitud fija 01213nam a2200337 i 4500
001 - NÚMERO DE CONTROL
campo de control 128314
003 - IDENTIFICADOR DE NÚMERO DE CONTROL
campo de control ES-MaACL
005 - FECHA Y HORA DE LA ÚLTIMA TRANSACCIÓN
campo de control 20250825063335.0
007 - CAMPO FIJO DE DESCRIPCIÓN FÍSICA--INFORMACIÓN GENERAL
campo de control de longitud fija t|
008 - DATOS DE LONGITUD FIJA--INFORMACIÓN GENERAL
campo de control de longitud fija 070629e1979 sp a||||r 00110 fre
017 ## - NÚMERO DE COPYRIGHT O DE DEPÓSITO LEGAL
Número de copyright o de depósito legal B 30020-1979
Agencia que asigna Oficina Depósito Legal Barcelona
020 ## - NÚMERO INTERNACIONAL ESTÁNDAR DEL LIBRO
Número Internacional Estándar del Libro 84-378-0659-3
080 ## - NÚMERO DE LA CLASIFICACIÓN DECIMAL UNIVERSAL
Número de la Clasificación Decimal Universal 725.821(460.235 B.)
080 ## - NÚMERO DE LA CLASIFICACIÓN DECIMAL UNIVERSAL
Número de la Clasificación Decimal Universal 792.54(460.235 B.)"18/19"
100 1# - ENTRADA PRINCIPAL--NOMBRE DE PERSONA
Nombre de persona Sàbat, Antoni,
Fechas asociadas al nombre 1935-
Término indicativo de función/relación Autor
9 (RLIN) 132992
245 10 - MENCIÓN DEL TÍTULO
Título Gran Teatre del Liceu /
Mención de responsabilidad, etc. text, Antoni Sàbat ; fotographies... Editorial Escudo de Oro
250 ## - MENCION DE EDICION
Mención de edición 1ª ed.
260 ## - PUBLICACIÓN, DISTRIBUCIÓN, ETC.
Lugar de publicación, distribución, etc. Barcelona :
Nombre del editor, distribuidor, etc. Escudo de Oro,
Fecha de publicación, distribución, etc. 1979
300 ## - DESCRIPCIÓN FÍSICA
Extensión 93 páginas :
Otras características físicas ilustraciones (color) ;
Dimensiones 24 cm
490 1# - MENCIÓN DE SERIE
Mención de serie Collecció art a Espanya ;
Designación de volumen o secuencia 11
RLIN 242021
500 ## - NOTA GENERAL
Nota general Índice
504 ## - NOTA DE BIBLIOGRAFÍA, ETC.
Nota de bibliografía, etc. Bibliografía
610 2# - PUNTO DE ACCESO ADICIONAL DE MATERIA--NOMBRE DE ENTIDAD CORPORATIVA
Nombre de entidad corporativa o nombre de jurisdicción como elemento de entrada Gran Teatre del Liceu
9 (RLIN) 242020
710 2# - ENTRADA AGREGADA--NOMBRE DE ENTIDAD CORPORATIVA
Nombre de entidad corporativa o nombre de jurisdicción como elemento de entrada Editorial Escudo de Oro
Término indicativo de función/relación Fotógrafo
-- Editor
9 (RLIN) 172475
740 32 - ENTRADA AGREGADA--TÍTULO RELACIONADO/ANALÍTICO NO CONTROLADO
Título relacionado o analítico no controlado Le Grand Theatre du Liceo
830 #0 - PUNTO DE ACCESO ADICIONAL DE SERIE-TÍTULO UNIFORME
Título uniforme Collecció art a Espanya ;
Designación de volumen o secuencia 11
9 (RLIN) 242021
852 4# - LOCALIZACIÓN
Ubicación ES-MaACL
Sublocalización o colección R.139765
Ubicación en estantería Depósito 2
Marcas de propiedad Biblioteca Jacinto Martínez Lacalle
Donativo/Legado Legado Jacinto Martínez Lacalle
Número de control de estantería E-11791
942 ## - ELEMENTOS DE ENTRADA SECUNDARIOS (KOHA)
Fuente del sistema de clasificación o colocación Clasificación decimal universal
Tipo de ítem Koha Libro impreso
Suprimir en OPAC No
Holdings
Estatus retirado Estado de pérdida Fuente del sistema de clasificación o colocación Estado de daño No para préstamo Biblioteca de origen Biblioteca actual Ubicación en estantería Fecha de adquisición Fuente de adquisición Total de préstamos Signatura topográfica completa Código de barras Visto por última vez Tipo de ítem Koha
    Clasificación decimal universal     Biblioteca del Ateneo de Madrid Biblioteca del Ateneo de Madrid Depósito 2 17/01/2008 Legado   E-11791 1133641 23/02/2023 Libro impreso